| 000 | 00430 a2200133 4500 | ||
|---|---|---|---|
| 082 |
_a625.7 _bL-15, P-17 |
||
| 110 |
_aHIS MAJESTYS STATIOARY OFFICE _943640 |
||
| 245 | _aRoad research use of waste materials and by products in road construction | ||
| 260 |
_aLONDON _bHIS MAJESTYS STATIONERY OFFICE _c1948 |
||
| 300 | _a20 P, PB | ||
| 500 | _aROAD RESEARCH | ||
| 526 |
_a0 _b0 _c0 _d625_700000000000000_L15_P17 |
||
| 942 |
_2ddc _cBKB |
||
| 999 |
_c547448 _d547448 |
||